000 00633cab a2200217 4500
001 X94997
008 090401t1998 xxu||||| |||| 00| 0 eng d
035 _a(Sirsi) u89633
041 _aeng
245 _aHarbour Park Ltd v Arun DC
260 _c1998
350 _a0
490 _aEstates Gazette Case Summaries
_v[1998] EGCS 150(2)
520 _aChD 23 October 1998. Restrictive Covenants - Interlocutory injunction.
650 _aHARBOUR PARK LTD V ARUN DC
650 _aINTERLOCUTORY INJUNCTIONS
650 _aRESTRICTIVE COVENANTS
690 _aPROPERTY LAW AND PRACTICE-CASE LAW
942 _n0
948 _c12/11/1998
999 _c56738
_d56738